| 000 | 01068nam a22002297a 4500 | ||
|---|---|---|---|
| 005 | 20210325190833.0 | ||
| 008 | s2537 th tha d | ||
| 041 | _atha | ||
| 090 | _aว TD178.5 ว516ก 2537 | ||
| 245 | 1 | 0 | _aกากที่เป็นภัย : มลพิษสิ่งแวดล้อมจากอุตสาหกรรม |
| 260 | 3 |
_aกรุงเทพฯ : _bสถาบันวิจัยเพื่อการพัฒนาประเทศไทย, _c2537 |
|
| 300 |
_a11 หน้า ; _b 27 ซม. |
||
| 650 | 0 | 4 | _aกากสารพิษ -- วิจัย |
| 650 | 0 | 4 | _aมลพิษ -- วิจัย |
| 650 | 0 | 4 | _aสารพิษ -- ผลกระทบต่อสิ่งแวดล้อม -- วิจัย |
| 650 | 0 | 4 | _aอุตสาหกรรม -- แง่สิ่งแวดล้อม -- วิจัย |
| 650 | 0 | 4 | _aสารพิษ -- วิจัย |
| 850 | _aNALT | ||
| 942 | _cRSH | ||
| 997 |
_c000000000026552 _kVC |
||
| 998 | _aNISA LUANGTONGKUM | ||
| 999 |
_c26552 _d26552 |
||